| 000 | 00434nam a2200145 i 4500 | ||
|---|---|---|---|
| 001 | 25900 | ||
| 003 | ES-MaACL | ||
| 007 | t| | ||
| 008 | 030103s1954 sp ||||1| spa d | ||
| 100 | 1 |
_aArnal, J. Vicenta. _923029 |
|
| 245 | 1 | 0 |
_aFísica y Química de la vida diaria / _cpor J. Vicenta Arnal. |
| 260 |
_aMadrid : _b[s.n., _c1954] ( _fBolaños y Aguilar) |
||
| 300 |
_a2 v. : _bil. ; _c21 cm. |
||
| 852 |
_aES-MaACL _jC-8379-80 _bR.36672 |
||
| 999 |
_c25900 _d25900 |
||